| 000 | 00494nam a2200157 i 4500 | ||
|---|---|---|---|
| 001 | 22548 | ||
| 003 | ES-MaACL | ||
| 005 | 20230906152720.0 | ||
| 007 | t| | ||
| 008 | 030108s1897 fr ||||1| fre d | ||
| 100 | 1 |
_aArth, G. _923457 |
|
| 245 | 1 | 0 |
_aRecueil de procédes de dosage pour l'analyse des combustibles des minerais de fer des fontes des aciers et des fers / _cG. Arth. |
| 260 |
_aParís : _bGauthier-Villars, _c1897. |
||
| 300 |
_aIII, 313 p. ; _c22 cm. |
||
| 852 |
_aES-MaACL _jF-1582 |
||
| 999 |
_c22548 _d22548 |
||